| 000 | 00407 a2200169 4500 | ||
|---|---|---|---|
| 005 | 20250613092007.0 | ||
| 020 | _a0-07-283008-5 | ||
| 082 | _a658.12 HIL | ||
| 100 | _aHILTON, W. R | ||
| 245 | _aCost Management | ||
| 250 | _a3rd Ed. | ||
| 260 |
_aBoston _bMcGraw-Hill Irwin _c2006. |
||
| 300 |
_axxxvii, 914p. _bIndex _c28 cm |
||
| 700 | _aMichael W. Maher | ||
| 700 | _aFrank H. Selto | ||
| 942 |
_2ddc _cBKS |
||
| 999 |
_c3681 _d3681 |
||